000 01592cam a2200133 4500500
005 20260329023231.0
041 _afre
042 _adc
100 1 0 _aChevalier, Eddy
_eauthor
245 0 0 _aAmérique, pourquoi refuses-tu d'être noire?
260 _bArmand Colin,
_c2023.
520 _aFloyd, Trayvon Martin, Eric Garner ou Michael Brown, ces tragiques événements dépassent de loin le mouvement Black Lives Matter. Il faut, les appréhender, revenir à la source d’un  « Nouveau Monde »,  d’une  terre de liberté qui rendit esclaves tant d’hommes et de femmes.  Esclavage, guerre de Sécession, ségrégation, Kux Klux Klan ont en commun l’âme blanche de l’Amérique, devenant une idéologie.En revenant sur l’Histoire des premiers Américains, Eddy Chevalier pose sans ambage des questions claires. Afro-Américain est-il un oxymore ? Noirs et Blancs sont-ils en guerre ?  Pourquoi la population blanche a-t-elle été aussi réfractaire à la mise en place d’une société égalitaire ?  Comment adoucir la radicalité d’une partie de la communauté noire ayant reçu l’amertume en héritage ? Et enfin : qu’es-tu donc, Amérique ? Pourquoi refuses-tu si violemment d’être noire ?Cet essai  se veut un manifeste antiraciste. Il prône l’éducation comme solution et s’attaque aux  fausses vérités et préjugés dans l’acide corrosif d’une pédagogie historique, critique et exigeante.
856 4 1 _uhttps://shs.cairn.info/amerique-pourquoi-refuses-tu-d-etre-noire--9782200633479?lang=fr&redirect-ssocas=7080
999 _c1925673
_d1925673